| 000 | 00415nam a22001337a 4500 | ||
|---|---|---|---|
| 040 | _cNUST | ||
| 082 | _a220 PRO | ||
| 100 |
_aMuhammad Ahsan Abdul Wasey Ali Farooqi Syed Muhammad Anoush _986253 |
||
| 110 |
_aProject Supervisor Dr. Sarmad Majeed Malik _986254 |
||
| 245 | _aPR-SOF-2083-Smart Energy Meter | ||
| 260 |
_aISLAMABAD: _bNUST COLLEGE OF EME, _c2021. |
||
| 650 |
_aDE-ELECT-39 _986255 |
||
| 942 |
_2ddc _cPR |
||
| 999 |
_c587267 _d587267 |
||